Statistics for Largest Cities in Commonwealth of Nations

Click here to take the quiz!

General Stats

  • This quiz has been taken 48 times
    (15 since last reset)
  • The average score is 42 of 68

Answers on the Map

Answers color-coded by a green-red scale on the quiz's map according to % correct below.
 

Answer Stats

Pop. (M)City% Correct
2.6Birmingham
100%
7.4Dar es Salaam
100%
32.1Delhi
100%
16.8Karachi
100%
15.1Kolkata
100%
9.5London
100%
2.8Manchester
100%
4.3Montréal
100%
21.0Mumbai
100%
2.6Vancouver
100%
2.6Accra
92%
13.2Bengaluru
92%
4.8Cape Town
92%
11.5Chennai
92%
10.5Hyderabad
92%
6.1Johannesburg
92%
15.4Lagos
92%
13.5Lahore
92%
5.1Nairobi
92%
6.3Toronto
92%
8.5Ahmedabad
83%
22.5Dhaka
83%
4.1Jaipur
83%
3.7Kampala
83%
8.4Kuala Lumpur
83%
3.0Lusaka
83%
5.2Melbourne
83%
5.1Sydney
83%
4.3Yaoundé
83%
3.7Abuja
75%
2.5Brisbane
75%
4.0Ekurhuleni
75%
4.2Kano
75%
2.7Pretoria
75%
6.0Singapore
75%
5.3Chittagong
67%
3.9Douala
67%
3.2Durban
67%
2.1Perth
67%
7.0Pune
67%
2.3Agra
58%
3.9Lucknow
58%
3.8Ibadan
50%
3.6Kumasi
50%
7.8Surat
50%
3.2Kanpur
42%
3.0Nagpur
42%
2.5Patna
42%
3.3Port Harcourt
42%
2.3Rawalpindi
42%
3.6Faisalabad
33%
2.1Multan
33%
2.3Visakhapatnam
33%
3.2Indore
25%
3.3Kochi
25%
2.3Peshawar
25%
2.5Bhopal
17%
2.9Coimbatore
17%
2.4Gujranwala
17%
3.9Kozhikode
17%
2.2Nashik
17%
2.3Vadodara
17%
2.2Vijayawada
17%
2.8Thiruvananthapuram
8%
2.3Kannur
0%
2.0Kollam
0%
3.8Malappuram
0%
3.4Thrissur
0%

Score Distribution

Percentile by Number Answered

Percent of People with Each Score

Your Score History

You have not taken this quiz since the last reset